000 00757nam a2200253Ia 4500
003 OSt
005 20220926014706.0
006 a|||||r|||| 00| 0
007 ta
008 220923b |||||||| |||| 00| 0 eng d
037 _cGeneral Book
040 _aRTL
_cRTL
_beng
041 _2eng
_aeng
082 _aX:8, L5
100 _aHicks Herbert G
_913512
245 0 _aOrganizations
_b Theory and behavior
260 _aNew York
_bMcGraw-Hill UK
_c1975
300 _axviii, 446p. Bib at the end of each chapter
_ccm.
490 _a(McGraw- Hill series in management
650 _aManagement
_930681
700 _a Gullett C Ray
_9320522
942 _hX:8, L5
_cGB
_2CC
999 _c629609
_d629609